00744nam a2200241 a 4500001001300000003000900013005001700022008004100039020002300080082001600103100002100119245004200140260003200182300000900214500003500223505003200258650003200290700002100322902000800343942000700351952012900358999001500487nice12345678IN_TiNIC20260116013036.0050524s1992 newa grp 000 0 eng  a0060147 c55200a297.63bARM aArmstrong, Karen aMuhammadb a Biography of the Prophet aNew York bHarperone c1992 a290p aincludes index and biblioraphy2 aBibliography, Index, Plates aMuhammad, Prophet-Biography1 aArmstrong, Karen bSRS cBK 001040708StackRoom-aHMIbHMId2013-04-15g552.00l2o297.63 ARMp014970r2024-07-09s2024-07-04v552.00w2005-05-24yBK c9398d9398